Statistics for Anything but the Picture: Geography

Click here to take the quiz!

General Stats

  • This quiz has been taken 80 times
  • The average score is 13 of 16

Answer Stats

Answer% Correct
Ethiopia | Ecuador | El Salvador | Eritrea | Equatorial Guinea | Estonia | Eswatini
100%
Africa | Asia | Antarctica | North America | South America | Oceania
99%
Canada | Denmark | Norway | Sweden | Finland | Russia | United States
97%
Chad | Fiji | Iran | Iraq | Laos | Mali | Oman | Peru | Togo
97%
Argentina | Norway | Australia | France | New Zealand | Chile
95%
Nile | Yangtze | Mississippi | Yenisey
93%
West Virginia | Wisconsin | Wyoming
92%
Scotland | Wales | Northern Ireland
88%
Spain | Belgium | Switzerland | Italy | Luxembourg | Andorra | Monaco
88%
Denmark | Sweden | Finland | Estonia | Latvia | Lithuania | Poland | Germany
86%
Brunei | Indonesia | Malaysia | Philippines | Taiwan | Vietnam
77%
Honduras | Somalia | Greece | Israel | San Marino | Argentina | Uruguay | Micronesia | El Salvador | Nicaragua | Guatemala
77%
Lake Superior | Lake Victoria | Lake Huron | Lake Michigan
77%
Djibouti | Eritrea | Somalia
73%
St George's | St John's | San José | San Salvador | Santiago | Santo Domingo | São Tomé
60%
Mederka 118 | Shanghai Tower | Abraj Al-Bait Clock Tower | Ping An International Finance Center | Lotte World Tower | One World Trade Center | Guangzhou CTF Finance Center | China Zun
36%

Score Distribution

Percentile by Number Answered

Percent of People with Each Score

Your Score History

You have not taken this quiz